02005nam a2200373 a 450000500170000000800410001702000150005804100080007309200200008110000290010124501340013025000340026426000340029830000160033250001840034865300320053265300300056465300490059465300270064365300200067065300240069065300470071465302700076165301280103165301140115970000270127370000350130070000340133570000400136970000330140994200120144299900150145495201620146920240412115347.0110405t2005||||AG a f |||| 001 0 spa d a9879838831 aspa c616.12l17sDOV1 aDoval, Hernán C.93035 aEvidencias en Cardiología IV. Manual práctico.bDe los ensayos clínicos a las conductas terapéuticas /cHernán C. Doval a4a ed. ampliada y actualizada aBuenos Aires: bGEDIC;c2005. a790 p.bil. aDoval, H. C. et al. (2005). Evidencias en Cardiología IV. Manual práctico. De los ensayos clínicos a las conductas terapéuticas. (4a ed.). Buenos Aires : GEDIC ; Atlante.  aPrevención cardiovascular aCardiopatía isquémica aInsuficiencia cardíaca y miocardiopatías aArritmias y síncopes aValvulopatías aEnfermedad vascular aEfectos adversos por grupos terapéuticos aApéndice. A: Criterios electrocardiográficos de hipertrofia ventricular. B: Criterios de Framingham para el diagnóstico de ICC. C: Cateterismo con Swan-Ganz (valores normales en mmHg). 1-Cálculo de parámetros hemodinámicos habituales. 2-Curvas normales. aFrogas: 1-Inotrópicos. 2-Antihipertensivos y vasodilatadores. 3-Inhibidores de glicoproteína llb-lla. 4-Trombolíticos aEstratificación de riesgo. 1-Riesgo clínico (pre-test) de tromboembolismo de pulmón. 2-Angina inestable1 aTajer, Carlos D.930361 aFerrante, DanieleCoord.930371 aGagliardi, JuaneCo-dir930381 aDe Abreu, MaximilianoeCoord.930391 aMariani, JaviereCood.93040 2ddccBK c2246d2246 00102ddc4070aBFMbBFMcCRd2016-03-17eDonación marzo 2016l1o616.12 17 DOVp3638r2025-08-05s2025-07-03tEj.1w2016-03-17yBKzDonación marzo 2016